000 03491nam a22002657a 4500
001 216216977
003 UA-OsUOA
005 20201117144351.0
008 200430b un ||||| m||| 00| 0 ukr d
040 _aUA-OsUOA
_bukr
_cUA-OsUOA
_dUA-OsUOA
041 _aukr
080 _a343.977
090 _a343.977
095 _a12.00.09
_bкримінальний процес та криміналістика; судова експертиза; оперативно-розшукова діяльність
100 _aЛещук К. Б.
245 _aКриміналістична характеристика та основні положення розслідування злочинів, вчинених на ринку цінних паперів
_cЛещук Костянтин Борисович ; наук. керівник Волобуєв Анатолій Федотович
260 _aКиїв
_c2012
300 _a19 с.
502 _6Автореферат дисертації на здобуття наукового ступеня кандидата юридичних наук
_cАкадемія адвокатури України
_d2012
520 _aДисертація є комплексним монографічним дослідженням криміналістичної характеристики злочинів, вчинених на ринку цінних паперів, а також основних положень їх розслідування. Зокрема, на основі узагальнення матеріалів кримінальних справ та аналізу наукових праць надається криміналістична класифікація злочинів, що вчиняються на ринку цінних паперів, визначаються особливості цінних паперів як предмету злочинних посягань і засобів вчинення злочинів, особливості нормативно-правового регулювання обігу цінних паперів в Україні, типові способи вчинення злочинів і характеристика особистості злочинців, а також вказується на типові сліди як джерела доказів. В дисертації визначені особливості порушення кримінальних справ про злочини, вчинені на ринку цінних паперів, типові слідчі ситуації початкового і наступного етапів розслідування, сформульовані рекомендації щодо відповідних завдань розслідування і засобів їх вирішення. Вказані особливості і сформульовані відповідні рекомендації щодо проведення окремих слідчих дій (огляду документів, допитів, виїмки та обшуку, призначення експертиз).
650 _2UDC
_a343 Кримінальне право. Карні порушення
942 _2udc
_cAR
955 _a1
999 _c459058
_d459058